000 00720nam a2200205 4500
001 144834
003 ES-MaACL
005 20230906201117.0
007 t|
008 070214s1957 sp r ||||1| spa d
100 1 _aSlot, G.
_9106796
245 1 1 _a"Hi-Fi`
_b: del micrófono al oído : técnica moderna de registro y reproducción del sonido /
_cG. Slot ; [traducción de L. F. Arribas Berthe].
260 _aMadrid :
_bParaninfo,
_c1957.
300 _aVIII, 176 p. ;
_c21 cm.
490 1 _aBiblioteca técnica y científica Philips
700 1 _aArribas Berthe, L. F.
_923290
830 0 _aBiblioteca técnica y científica Philips
_9181887
852 _aES-MaACL
_jC-12418
_bR.40697
999 _c144834
_d144834